WWE SummerSlam 2012 Match Card - Statistics

General Stats
  • This quiz has been taken 21 times
  • The average score is 16 of 19
Answer Stats
Match type Wrestler % Correct
Triple threat John Cena
100%
Singles Alberto Del Rio
94%
No Disqualification Brock Lesnar
94%
Triple threat CM Punk
94%
Singles Daniel Bryan
94%
Singles Dolph Ziggler
94%
Singles Kane
94%
Singles Sheamus
94%
No Disqualification Triple H
94%
Triple threat Big Show
88%
Singles The Miz
88%
Singles Chris Jericho
82%
Tag team Kofi Kingston
82%
Tag team R-Truth
82%
Tag team Darren Young
76%
Singles Rey Mysterio
71%
Tag team Titus O'Neil
71%
Singles Antonio Cesaro
65%
Singles Santino Marella
65%
No matching quizzes found
Score Distribution
Percent of People with Each Score
Percentile by Number Answered
Your Score History
You have not taken this quiz